[Event "16. Open de Figueres Miquel Mas 2015 -B"]
[Site "Figueres ESP"]
[Date "2015.08.15"]
[Round "5.4"]
[White "Alabert Vidal, Marc"]
[Black "Juan Bartroli, Marc"]
[Result "0-1"]
[WhiteElo "2021"]
[BlackElo "1496"]
[PlyCount "83"]
[EventDate "2015.08.11"]
[EventType "swiss"]
[EventRounds "9"]
[EventCountry "ESP"]
[Source "lmi"]
[SourceDate "2015.08.11"]

1. e4 c6 2. d4 d5 3. e5 Bf5 4. Nc3 e6 5. g4 Bg6 6. Nge2 c5 7. Be3 Nc6 8. h4 h6
9. f4 Be7 10. Bf2 h5 11. g5 Qb6 12. Na4 Qa5+ 13. c3 Be4 14. Rg1 cxd4 15. Nxd4
Rc8 16. Qb3 Qc7 17. Nb5 Qb8 18. Nc5 Na5 19. Nd6+ Bxd6 20. Qa4+ Nc6 21. exd6
Qxd6 22. Be3 Nge7 23. O-O-O Bf3 24. Rd3 b6 25. Nb3 Nf5 26. Bf2 Be4 27. Rd2 Qxf4
28. Bb5 Qc7 29. Nd4 Nfxd4 30. Bxd4 O-O 31. Bf2 Na5 32. Bg3 Qc5 33. Re1 Qe7 34.
Be5 Nc4 35. Bxc4 Rxc4 36. Qa6 Rcc8 37. Qb5 Rc5 38. Qe2 Ra5 39. b4 Ra3 40. c4
Qxb4 41. Rb2 Qxc4+ 42. Kd1 0-1

[Event "16. Open de Figueres Miquel Mas 2015 -B"]
[Site "Figueres ESP"]
[Date "2015.08.15"]
[Round "5.5"]
[White "Fentes Caceres, Daniel"]
[Black "Martin Fernandez, Santiago"]
[Result "0-1"]
[WhiteElo "1800"]
[BlackElo "1824"]
[PlyCount "62"]
[EventDate "2015.08.11"]
[EventType "swiss"]
[EventRounds "9"]
[EventCountry "ESP"]
[Source "lmi"]
[SourceDate "2015.08.11"]

1. d4 Nf6 2. c4 e6 3. Nf3 Bb4+ 4. Bd2 a5 5. g3 O-O 6. Bg2 Qe7 7. O-O Bxd2 8.
Nbxd2 d5 9. Rc1 dxc4 10. Rxc4 c6 11. e4 Rd8 12. e5 Ne8 13. Qc2 b5 14. Rxc6 Nxc6
15. Qxc6 Bd7 16. Qc2 Rac8 17. Qb1 Bc6 18. h4 h6 19. Rd1 a4 20. a3 Bd5 21. Bf1
Qb7 22. Qd3 b4 23. Ne1 Nc7 24. Nc2 bxa3 25. bxa3 Bb3 26. Nxb3 Qxb3 27. Qe4 Nd5
28. Rd2 Nc3 29. Qd3 Nb1 30. Na1 Qxd3 31. Bxd3 Nxd2 0-1

[Event "16. Open de Figueres Miquel Mas 2015 -B"]
[Site "Figueres ESP"]
[Date "2015.08.15"]
[Round "6.1"]
[White "Saliou, Jean-Yves"]
[Black "Granados Aguilera, Cristian"]
[Result "1-0"]
[WhiteElo "1910"]
[BlackElo "1710"]
[PlyCount "35"]
[EventDate "2015.08.11"]
[EventType "swiss"]
[EventRounds "9"]
[EventCountry "ESP"]
[Source "lmi"]
[SourceDate "2015.08.11"]

1. e4 e5 2. Nf3 Nc6 3. d4 exd4 4. Bc4 Bc5 5. c3 Nf6 6. O-O Nxe4 7. cxd4 Be7 8.
d5 Na5 9. Bd3 Nf6 10. Nc3 O-O 11. Bf4 b6 12. Nb5 Nxd5 13. Bxh7+ Kxh7 14. Qxd5
Ba6 15. Bxc7 Qc8 16. Rfc1 Nc6 17. Bd6 Bxd6 18. Nxd6 1-0

[Event "16. Open de Figueres Miquel Mas 2015 -B"]
[Site "Figueres ESP"]
[Date "2015.08.15"]
[Round "6.2"]
[White "Juan Bartroli, Marc"]
[Black "Oliva Llorens, Antoni"]
[Result "0-1"]
[WhiteElo "1496"]
[BlackElo "1906"]
[PlyCount "54"]
[EventDate "2015.08.11"]
[EventType "swiss"]
[EventRounds "9"]
[EventCountry "ESP"]
[Source "lmi"]
[SourceDate "2015.08.11"]

1. d4 Nf6 2. c4 c5 3. d5 e6 4. Nc3 exd5 5. cxd5 d6 6. e4 g6 7. a3 Bg7 8. Bd3
O-O 9. Nf3 Re8 10. O-O a6 11. h3 Nbd7 12. Bf4 Nf8 13. Re1 Nh5 14. Bh2 Qb6 15.
Qc2 Nd7 16. Rad1 Ne5 17. Nxe5 Bxe5 18. Bxe5 Rxe5 19. Qd2 Bd7 20. f4 c4+ 21. Kh2
Nxf4 22. Bxc4 Nh5 23. Be2 Ng7 24. Bf3 Rae8 25. Re2 Qd8 26. Qf4 Qe7 27. Rde1 b5
0-1

[Event "16. Open de Figueres Miquel Mas 2015 -B"]
[Site "Figueres ESP"]
[Date "2015.08.15"]
[Round "6.3"]
[White "Nuñez Colome, David"]
[Black "Ruiz De Morales, Jaume"]
[Result "0-1"]
[WhiteElo "1701"]
[BlackElo "1510"]
[PlyCount "96"]
[EventDate "2015.08.11"]
[EventType "swiss"]
[EventRounds "9"]
[EventCountry "ESP"]
[Source "lmi"]
[SourceDate "2015.08.11"]

1. e4 e6 2. d4 d5 3. Nd2 dxe4 4. Nxe4 Nd7 5. Nf3 Ngf6 6. Nxf6+ Nxf6 7. Bd3 Be7
8. c3 O-O 9. Qc2 b6 10. Bg5 h6 11. h4 Nd5 12. Be3 Bb7 13. O-O-O Nxe3 14. fxe3
Qc8 15. Ne5 c5 16. Rdf1 Bf6 17. Rxf6 gxf6 18. Ng4 Kg7 19. Qf2 f5 20. Ne5 Rg8
21. Qf4 Qc7 22. Rh3 Kh7 23. Bxf5+ exf5 24. Qxf5+ Kg7 25. Qf4 Kh7 26. Qf5+ Kg7
27. Qf4 Rac8 28. Rg3+ Kf8 29. Qxh6+ Ke7 30. Rxg8 Rxg8 31. Qh7 Kf8 32. h5 Rxg2
33. Ng6+ Ke8 34. Qg8+ Kd7 35. Qxf7+ Kc8 36. Qf8+ Qd8 37. Qf5+ Kb8 38. a3 cxd4
39. exd4 Qc7 40. Ne5 Bc8 41. Qe4 Bb7 42. Qf5 Qe7 43. Qf4 Qg5 44. Nd7+ Ka8 45.
Qxg5 Rxg5 46. Ne5 Rxh5 47. Ng4 Rh4 48. Ne3 Rh3 0-1

[Event "16. Open de Figueres Miquel Mas 2015 -B"]
[Site "Figueres ESP"]
[Date "2015.08.15"]
[Round "6.4"]
[White "Martin Fernandez, Santiago"]
[Black "Renaux, Osmin"]
[Result "0-1"]
[WhiteElo "1824"]
[BlackElo "1918"]
[PlyCount "52"]
[EventDate "2015.08.11"]
[EventType "swiss"]
[EventRounds "9"]
[EventCountry "ESP"]
[Source "lmi"]
[SourceDate "2015.08.11"]

1. c4 e5 2. Nc3 f5 3. g3 Nf6 4. Bg2 Be7 5. d3 c6 6. e4 fxe4 7. dxe4 O-O 8. h3
d6 9. Nf3 Be6 10. b3 h6 11. O-O a5 12. Be3 Na6 13. Qe2 Nd7 14. Rfd1 Rb8 15.
Rac1 Qe8 16. Nh2 Qg6 17. Kh1 Nac5 18. Rg1 Nf6 19. Bxc5 dxc5 20. Nf1 Ne8 21. Ne3
Nc7 22. Kh2 Bc8 23. Ng4 Bxg4 24. hxg4 Ne6 25. f3 Nd4 26. Qf2 h5 0-1

[Event "16. Open de Figueres Miquel Mas 2015 -B"]
[Site "Figueres ESP"]
[Date "2015.08.15"]
[Round "6.5"]
[White "Lazaro Porta, Angel"]
[Black "Mallol Descarrega, Gerard"]
[Result "1-0"]
[WhiteElo "1910"]
[BlackElo "1508"]
[PlyCount "100"]
[EventDate "2015.08.11"]
[EventType "swiss"]
[EventRounds "9"]
[EventCountry "ESP"]
[Source "lmi"]
[SourceDate "2015.08.11"]

1. Nf3 d5 2. g3 e6 3. Bg2 Nf6 4. O-O Be7 5. c4 O-O 6. Qc2 c5 7. d4 Nbd7 8. Nc3
dxc4 9. e4 cxd4 10. Nxd4 a6 11. Rd1 e5 12. Nf5 Re8 13. Bg5 Qc7 14. Nxe7+ Rxe7
15. Nd5 Nxd5 16. exd5 Re8 17. d6 Qc5 18. Rd5 Qb4 19. Bd2 Qb6 20. Ba5 Qa7 21.
Qxc4 Nf6 22. Rd2 Be6 23. Qb4 e4 24. Bb6 Qb8 25. Rad1 Nd7 26. Bc7 Qa7 27. Bxe4
Bxa2 28. Bxb7 Be6 29. Bxa8 Qxa8 30. Re1 h6 31. Rde2 Qc6 32. Qc3 Qb7 33. Qd4 Qf3
34. Re3 Qc6 35. Qc3 Qb7 36. f4 Rf8 37. Rxe6 fxe6 38. Rxe6 Qa7+ 39. Kg2 Qb7+ 40.
Kg1 Qa7+ 41. Qe3 Qb7 42. Qd4 Qc6 43. Qc3 Qd5 44. Re7 Qd1+ 45. Kf2 Nf6 46. d7 h5
47. d8=Q Rxd8 48. Bxd8 Qxd8 49. Re2 Qb6+ 50. Kg2 Qb7+ 1-0

[Event "16. Open de Figueres Miquel Mas 2015 -B"]
[Site "Figueres ESP"]
[Date "2015.08.16"]
[Round "7.1"]
[White "Ruiz De Morales, Jaume"]
[Black "Saliou, Jean-Yves"]
[Result "0-1"]
[WhiteElo "1510"]
[BlackElo "1910"]
[PlyCount "104"]
[EventDate "2015.08.11"]
[EventType "swiss"]
[EventRounds "9"]
[EventCountry "ESP"]
[Source "lmi"]
[SourceDate "2015.08.11"]

1. e4 d6 2. d4 Nf6 3. Nc3 g6 4. Be3 c6 5. Qd2 Nbd7 6. f3 b5 7. Bd3 a6 8. Nge2
c5 9. dxc5 dxc5 10. Ng3 Bg7 11. O-O O-O 12. Bh6 c4 13. Be2 Nb6 14. Qxd8 Rxd8
15. Bxg7 Kxg7 16. e5 Nfd5 17. Nxd5 Nxd5 18. Kf2 Bb7 19. c3 Nb6 20. Rfd1 Na4 21.
b3 cxb3 22. axb3 Nxc3 23. Rdc1 b4 24. Bc4 Rd2+ 25. Ne2 Rad8 26. Ke1 Nxe2 27.
Bxe2 Rb2 28. Rab1 Rxb1 29. Rxb1 Rd5 30. f4 Rc5 31. g3 a5 32. Kd2 Bd5 33. Bd1
Rc3 34. Ra1 Bxb3 35. Rxa5 Bxd1 36. Kxd1 Ra3 37. Rb5 Ra1+ 38. Kd2 Ra2+ 39. Kc1
Rxh2 40. Rxb4 h5 41. Rb7 e6 42. Rb3 g5 43. fxg5 Re2 44. g4 hxg4 45. Rg3 Re4 46.
Kd2 Kg6 47. Kd3 Ra4 48. Ke2 Ra2+ 49. Kf1 Kxg5 50. Rb3 Ra5 51. Rb7 Rxe5 52. Rxf7
Rf5+ 0-1

[Event "16. Open de Figueres Miquel Mas 2015 -B"]
[Site "Figueres ESP"]
[Date "2015.08.16"]
[Round "7.2"]
[White "Oliva Llorens, Antoni"]
[Black "Renaux, Osmin"]
[Result "1/2-1/2"]
[WhiteElo "1906"]
[BlackElo "1918"]
[PlyCount "58"]
[EventDate "2015.08.11"]
[EventType "swiss"]
[EventRounds "9"]
[EventCountry "ESP"]
[Source "lmi"]
[SourceDate "2015.08.11"]

1. e4 c5 2. d3 Nc6 3. g3 g6 4. Bg2 Bg7 5. c3 d6 6. Be3 e5 7. Qd2 Nge7 8. Na3
Rb8 9. Bh6 Bxh6 10. Qxh6 Ng8 11. Qd2 Nf6 12. Nc2 b5 13. Ne2 O-O 14. O-O Kg7 15.
Ne3 a5 16. d4 Ne7 17. Rad1 Bb7 18. Qc2 Qb6 19. dxe5 dxe5 20. c4 Nc6 21. Nd5
Nxd5 22. exd5 Nd4 23. Nxd4 exd4 24. b3 b4 25. Rd2 Rbe8 26. Re2 Bc8 27. Rfe1 Bf5
28. Qd2 Rxe2 29. Rxe2 Qf6 1/2-1/2

[Event "16. Open de Figueres Miquel Mas 2015 -B"]
[Site "Figueres ESP"]
[Date "2015.08.16"]
[Round "7.3"]
[White "Granados Aguilera, Cristian"]
[Black "Lazaro Porta, Angel"]
[Result "1-0"]
[WhiteElo "1710"]
[BlackElo "1910"]
[PlyCount "87"]
[EventDate "2015.08.11"]
[EventType "swiss"]
[EventRounds "9"]
[EventCountry "ESP"]
[Source "lmi"]
[SourceDate "2015.08.11"]

1. d4 Nf6 2. e3 e6 3. Bd3 c5 4. c3 Nc6 5. Nd2 d5 6. f4 Bd6 7. Ndf3 O-O 8. Ne5
Ne4 9. Ngf3 cxd4 10. exd4 f6 11. Nxc6 bxc6 12. Qe2 f5 13. O-O c5 14. dxc5 Bxc5+
15. Be3 Qb6 16. Bxc5 Nxc5 17. Rf2 Ne4 18. Bxe4 dxe4 19. Nd4 Ba6 20. Qe3 Rad8
21. Rd1 Rfe8 22. g4 Bc8 23. Qh3 e5 24. fxe5 Rxe5 25. gxf5 e3 26. Rf3 e2 27. Re1
Rxd4 28. cxd4 Qxd4+ 29. Rf2 Bxf5 30. Qb3+ Kf8 31. Qb8+ Re8 32. Qf4 Qxf4 33.
Rxf4 g6 34. Kf2 Kg7 35. Rxe2 Rb8 36. Ra4 Rb7 37. b3 Bd3 38. Re5 a6 39. Ke3 Bb5
40. Rae4 Kh6 41. Re7 Rxe7 42. Rxe7 g5 43. a4 Bf1 44. Rf7 1-0

[Event "16. Open de Figueres Miquel Mas 2015 -B"]
[Site "Figueres ESP"]
[Date "2015.08.16"]
[Round "7.4"]
[White "Claret, Franck"]
[Black "Nuñez Colome, David"]
[Result "0-1"]
[WhiteElo "1928"]
[BlackElo "1701"]
[PlyCount "104"]
[EventDate "2015.08.11"]
[EventType "swiss"]
[EventRounds "9"]
[EventCountry "ESP"]
[Source "lmi"]
[SourceDate "2015.08.11"]

1. Nf3 e6 2. c4 Nf6 3. g3 Be7 4. Bg2 O-O 5. O-O c5 6. d4 d5 7. cxd5 exd5 8. Nc3
h6 9. Qc2 Nc6 10. Rd1 Nb4 11. Qb1 Qb6 12. a3 Nc6 13. dxc5 Bxc5 14. e3 d4 15.
exd4 Nxd4 16. Nxd4 Bxd4 17. Qc2 Ng4 18. Rd2 Re8 19. Bf3 Re1+ 20. Kg2 Nxf2 21.
Rxf2 Bxf2 22. Ne2 Bg1 23. Nf4 Bxh2 24. Be3 Qxe3 25. Rxe1 Qxe1 26. Kxh2 Qe7 27.
Be4 Be6 28. Bh7+ Kh8 29. Bd3 Rc8 30. Qe2 Qf6 31. Qe4 Qxb2+ 32. Ne2 g6 33. g4
Qf6 34. Kg3 Rd8 35. Nf4 Rd4 36. Qe3 Qxf4+ 37. Qxf4 Rxf4 38. Kxf4 Kg7 39. a4 Bd7
40. Bc2 b6 41. Bb3 g5+ 42. Kf3 f5 43. gxf5 Bxf5 44. Bc4 Bd7 45. Bb3 Kf6 46. Bc2
Ke5 47. Ke3 Kd5 48. Bd1 Kc5 49. a5 b5 50. Bf3 Bc6 51. Bg4 Bb7 52. Kd3 Kb4 0-1

[Event "16. Open de Figueres Miquel Mas 2015 -B"]
[Site "Figueres ESP"]
[Date "2015.08.16"]
[Round "7.5"]
[White "Mallol Descarrega, Gerard"]
[Black "Guzman Maglaya, Noli"]
[Result "0-1"]
[WhiteElo "1508"]
[BlackElo "1941"]
[PlyCount "54"]
[EventDate "2015.08.11"]
[EventType "swiss"]
[EventRounds "9"]
[EventCountry "ESP"]
[Source "lmi"]
[SourceDate "2015.08.11"]

1. e4 e5 2. Nc3 Nf6 3. f4 d6 4. Nf3 Be7 5. Bc4 exf4 6. d3 O-O 7. O-O c6 8. d4
d5 9. exd5 cxd5 10. Bd3 Nc6 11. Bxf4 h6 12. a3 Bg4 13. Be2 Ne4 14. Nb1 Qb6 15.
b4 Bxf3 16. Bxf3 Nxd4 17. Bxe4 Nxc2+ 18. Kh1 Nxa1 19. Bxd5 Rad8 20. Nc3 Bf6 21.
Qxa1 Bxc3 22. Bxf7+ Rxf7 23. Qxc3 Qd4 24. Qb3 g5 25. Bxg5 Qd5 26. Qxd5 Rxd5 27.
Rxf7 Rd1+ 0-1

[Event "16. Open de Figueres Miquel Mas 2015 -B"]
[Site "Figueres ESP"]
[Date "2015.08.17"]
[Round "8.1"]
[White "Saliou, Jean-Yves"]
[Black "Oliva Llorens, Antoni"]
[Result "1/2-1/2"]
[WhiteElo "1910"]
[BlackElo "1906"]
[PlyCount "63"]
[EventDate "2015.08.11"]
[EventType "swiss"]
[EventRounds "9"]
[EventCountry "ESP"]
[Source "lmi"]
[SourceDate "2015.08.11"]

1. e4 c5 2. Nc3 Nc6 3. g3 g6 4. Bg2 Bg7 5. d3 e6 6. Be3 d6 7. Qd2 Rb8 8. Nh3
Nd4 9. Nd1 e5 10. Ng5 f6 11. c3 Ne6 12. Nxe6 Bxe6 13. O-O Ne7 14. d4 cxd4 15.
cxd4 exd4 16. Bxd4 Nc6 17. Bc3 O-O 18. Ne3 Qd7 19. Rfe1 Rbd8 20. Nd5 f5 21.
Bxg7 Qxg7 22. Nf4 Bc8 23. Bh3 g5 24. Qd5+ Qf7 25. Ne2 Qxd5 26. exd5 Ne5 27. Nd4
g4 28. Bg2 Kf7 29. Rac1 Rfe8 30. f4 gxf3 31. Nxf3 Nxf3+ 32. Bxf3 1/2-1/2

[Event "16. Open de Figueres Miquel Mas 2015 -B"]
[Site "Figueres ESP"]
[Date "2015.08.17"]
[Round "8.2"]
[White "Renaux, Osmin"]
[Black "Granados Aguilera, Cristian"]
[Result "1-0"]
[WhiteElo "1918"]
[BlackElo "1710"]
[PlyCount "59"]
[EventDate "2015.08.11"]
[EventType "swiss"]
[EventRounds "9"]
[EventCountry "ESP"]
[Source "lmi"]
[SourceDate "2015.08.11"]

1. d4 d5 2. c4 e6 3. Nf3 Nf6 4. e3 Be7 5. Bd3 O-O 6. Nbd2 c5 7. b3 b6 8. Bb2
Bb7 9. O-O Nbd7 10. Qe2 Ne4 11. Rad1 Qc7 12. Rc1 Rac8 13. cxd5 exd5 14. dxc5
bxc5 15. Nd4 Bd6 16. f4 Qa5 17. Bxe4 cxd4 18. Bxd4 dxe4 19. Qg4 g6 20. Rxc8
Rxc8 21. Qxd7 Qxd2 22. Qxb7 Rc1 23. Qa8+ Bf8 24. Qxe4 Rxf1+ 25. Kxf1 Qd1+ 26.
Kf2 Qd2+ 27. Kg3 h5 28. Qe5 Qe1+ 29. Kh3 f5 30. Qe6+ 1-0

[Event "16. Open de Figueres Miquel Mas 2015 -B"]
[Site "Figueres ESP"]
[Date "2015.08.17"]
[Round "8.3"]
[White "Guzman Maglaya, Noli"]
[Black "Ruiz De Morales, Jaume"]
[Result "1-0"]
[WhiteElo "1941"]
[BlackElo "1510"]
[PlyCount "73"]
[EventDate "2015.08.11"]
[EventType "swiss"]
[EventRounds "9"]
[EventCountry "ESP"]
[Source "lmi"]
[SourceDate "2015.08.11"]

1. d4 d5 2. c4 c6 3. e3 Nf6 4. Bd3 Nbd7 5. Nf3 e6 6. c5 b6 7. cxb6 axb6 8. b3
Bd6 9. O-O O-O 10. Bb2 Ba6 11. Bxa6 Rxa6 12. Qc2 c5 13. Nbd2 Qa8 14. a4 Rc8 15.
Rfc1 Qb7 16. h3 b5 17. axb5 Qxb5 18. Rxa6 Qxa6 19. Ne5 Nb6 20. Qd1 Bxe5 21.
dxe5 Nfd7 22. Ra1 Qb7 23. Ra2 c4 24. Bd4 cxb3 25. Qxb3 Qc7 26. f4 g6 27. Kh2
Rb8 28. Qa3 Ra8 29. Qb3 Rxa2 30. Qxa2 Nc4 31. Nf3 Qa5 32. Qb3 Ndb6 33. h4 Nd7
34. Qb7 Nc5 35. Qc8+ Kg7 36. Bxc5 Kh6 37. Kh3 1-0

[Event "16. Open de Figueres Miquel Mas 2015 -B"]
[Site "Figueres ESP"]
[Date "2015.08.17"]
[Round "8.4"]
[White "Martin Fernandez, Santiago"]
[Black "Clot Chico, Arnau"]
[Result "0-1"]
[WhiteElo "1824"]
[BlackElo "2053"]
[PlyCount "86"]
[EventDate "2015.08.11"]
[EventType "swiss"]
[EventRounds "9"]
[EventCountry "ESP"]
[Source "lmi"]
[SourceDate "2015.08.11"]

1. Nf3 Nf6 2. c4 Nc6 3. Nc3 e5 4. d3 d5 5. cxd5 Nxd5 6. g3 Be7 7. Bg2 Nb6 8.
O-O O-O 9. Be3 Re8 10. Rc1 Bf8 11. Ne4 Nd4 12. Bg5 f6 13. Bd2 Be6 14. Nxd4 exd4
15. Bf4 Nd5 16. Nc5 Bxc5 17. Rxc5 Nxf4 18. gxf4 c6 19. b3 Qd7 20. Rh5 Bg4 21.
Bf3 Bxh5 22. Bxh5 g6 23. Bf3 a5 24. Kh1 Qd6 25. Qc1 a4 26. Rg1 Ra5 27. Be4 f5
28. Bf3 axb3 29. axb3 Qc5 30. Qf1 Rea8 31. Qg2 Ra1 32. Qg5 Rxg1+ 33. Kxg1 Kg7
34. h4 Kf7 35. h5 Qc1+ 36. Kg2 Ra1 37. hxg6+ hxg6 38. Kg3 Ra8 39. Qh6 Rg8 40.
Qh7+ Rg7 41. Qh8 Qc5 42. Qc8 Qe7 43. Kg2 Rg8 0-1

[Event "16. Open de Figueres Miquel Mas 2015 -B"]
[Site "Figueres ESP"]
[Date "2015.08.17"]
[Round "8.5"]
[White "Hameau, Cyril"]
[Black "Nuñez Colome, David"]
[Result "0-1"]
[WhiteElo "1875"]
[BlackElo "1701"]
[PlyCount "130"]
[EventDate "2015.08.11"]
[EventType "swiss"]
[EventRounds "9"]
[EventCountry "ESP"]
[Source "lmi"]
[SourceDate "2015.08.11"]

1. e4 e6 2. d4 d5 3. Nd2 Nf6 4. e5 Nfd7 5. f4 c5 6. c3 Nc6 7. Ngf3 Qb6 8. Nb3
a5 9. a4 Be7 10. Be2 O-O 11. O-O f6 12. Kh1 cxd4 13. cxd4 Nb4 14. Bd2 Nb8 15.
Bc3 Bd7 16. Nfd2 N8a6 17. Rf3 fxe5 18. dxe5 Nc5 19. Bd4 Nc6 20. Bf2 Qa7 21. Bd3
Nb4 22. Bxh7+ Kxh7 23. Rh3+ Kg8 24. Qh5 b6 25. Qh7+ Kf7 26. Rg3 Rg8 27. Qg6+
Kf8 28. Nxc5 Bxc5 29. Rf3 Be8 30. Qg4 Bxf2 31. f5 exf5 32. Rxf5+ Ke7 33. Rxf2
Kd8 34. Qe6 Rh8 35. Rc1 Rh6 36. Qg8 Qe7 37. Nf3 Qf7 38. Qxf7 Bxf7 39. Ng5 Be8
40. Rf8 Ke7 41. Rg8 Bc6 42. Rxg7+ Kf8 43. Rf7+ Kg8 44. Rcf1 Rg6 45. h4 Rg7 46.
e6 d4 47. e7 Rxf7 48. Rxf7 Re8 49. Rf8+ Rxf8 50. exf8=Q+ Kxf8 51. Ne6+ Kf7 52.
Nxd4 Bxa4 53. g4 Bd1 54. g5 Nd3 55. b3 Nc5 56. Kg2 Nxb3 57. Nc6 a4 58. Kf2 a3
59. Nb4 Nc5 60. Ke1 Nd3+ 61. Nxd3 a2 62. Kxd1 a1=Q+ 63. Ke2 Qd4 64. h5 Qg4+ 65.
Kf2 Qxg5 0-1

[Event "16. Open de Figueres Miquel Mas 2015 -B"]
[Site "Figueres ESP"]
[Date "2015.08.18"]
[Round "9.1"]
[White "Renaux, Osmin"]
[Black "Saliou, Jean-Yves"]
[Result "1/2-1/2"]
[WhiteElo "1918"]
[BlackElo "1910"]
[PlyCount "32"]
[EventDate "2015.08.11"]
[EventType "swiss"]
[EventRounds "9"]
[EventCountry "ESP"]
[Source "lmi"]
[SourceDate "2015.08.11"]

1. d4 Nf6 2. c4 e6 3. Nf3 b6 4. e3 Bb7 5. Bd3 d5 6. Nbd2 Nbd7 7. Qc2 Bb4 8. b3
O-O 9. O-O Bxd2 10. Nxd2 c5 11. Bb2 cxd4 12. exd4 Rc8 13. Rfe1 Re8 14. Nf1 dxc4
15. bxc4 Nf8 16. Qd2 Ng6 1/2-1/2

[Event "16. Open de Figueres Miquel Mas 2015 -B"]
[Site "Figueres ESP"]
[Date "2015.08.18"]
[Round "9.2"]
[White "Clot Chico, Arnau"]
[Black "Guzman Maglaya, Noli"]
[Result "1-0"]
[WhiteElo "2053"]
[BlackElo "1941"]
[PlyCount "103"]
[EventDate "2015.08.11"]
[EventType "swiss"]
[EventRounds "9"]
[EventCountry "ESP"]
[Source "lmi"]
[SourceDate "2015.08.11"]

1. e4 c5 2. Nf3 e6 3. d4 cxd4 4. Nxd4 Nc6 5. Nb3 Nf6 6. Bd3 Bb4+ 7. Bd2 Bxd2+
8. Qxd2 Ne5 9. Nc3 Nxd3+ 10. Qxd3 O-O 11. O-O-O a6 12. f3 b5 13. a3 Qc7 14. Qd6
Ra7 15. e5 Qxd6 16. Rxd6 Ne8 17. Rd2 f6 18. Ne4 fxe5 19. Rhd1 d5 20. Nf2 Nd6
21. Re2 Nc4 22. Nd3 Rf5 23. Rde1 Rc7 24. Nxe5 Nxe5 25. Rxe5 Rf4 26. c3 b4 27.
axb4 Rxb4 28. Nd2 d4 29. c4 Ra4 30. Kb1 Rb4 31. R1e4 d3 32. Re3 Kf7 33. Rxd3
Rd7 34. Rxd7+ Bxd7 35. Ra5 Bc8 36. b3 Bb7 37. Kc2 h6 38. Kc3 Rb6 39. c5 Rc6 40.
Ne4 Ke7 41. b4 g5 42. Kd4 e5+ 43. Kc4 Ke6 44. Nd6 Rxd6 45. cxd6 Kxd6 46. h3 h5
47. Kd3 Ke6 48. Ke3 Kf6 49. g3 Ke6 50. h4 gxh4 51. gxh4 Kf6 52. f4 1-0

[Event "16. Open de Figueres Miquel Mas 2015 -B"]
[Site "Figueres ESP"]
[Date "2015.08.18"]
[Round "9.3"]
[White "Oliva Llorens, Antoni"]
[Black "Salleras Mercader, Josep M|_"]
[Result "0-1"]
[WhiteElo "1906"]
[BlackElo "1572"]
[PlyCount "82"]
[EventDate "2015.08.11"]
[EventType "swiss"]
[EventRounds "9"]
[EventCountry "ESP"]
[Source "lmi"]
[SourceDate "2015.08.11"]

1. Nf3 e6 2. g3 d5 3. d3 Nf6 4. Bg2 Be7 5. O-O O-O 6. Nbd2 Nbd7 7. e4 dxe4 8.
Nxe4 Nxe4 9. dxe4 Nc5 10. Qe2 b6 11. Rd1 Ba6 12. c4 Qc8 13. b4 Nd7 14. a3 c5
15. b5 Bb7 16. Ra2 Rd8 17. Rad2 Nf6 18. Rxd8+ Bxd8 19. Ne5 Bc7 20. Bb2 a6 21.
Ng4 Nd7 22. Qd3 Nf8 23. Qc3 f6 24. Bh3 Qe8 25. f3 h5 26. Ne3 axb5 27. cxb5 Qxb5
28. Nc4 Qc6 29. Bg2 b5 30. Ne3 Be5 31. Qc2 Bxb2 32. Qxb2 c4 33. Qc3 Qc5 34. Qd4
Qxd4 35. Rxd4 Rxa3 36. Nc2 Rc3 37. Rd2 Rb3 38. Nd4 Rb1+ 39. Kf2 c3 40. Rc2 Rb2
41. Ke3 e5 0-1

[Event "16. Open de Figueres Miquel Mas 2015 -B"]
[Site "Figueres ESP"]
[Date "2015.08.18"]
[Round "9.4"]
[White "Nuñez Colome, David"]
[Black "Granados Aguilera, Cristian"]
[Result "1/2-1/2"]
[WhiteElo "1701"]
[BlackElo "1710"]
[PlyCount "70"]
[EventDate "2015.08.11"]
[EventType "swiss"]
[EventRounds "9"]
[EventCountry "ESP"]
[Source "lmi"]
[SourceDate "2015.08.11"]

1. e4 d5 2. exd5 Qxd5 3. Nc3 Qd6 4. d4 Nf6 5. Nf3 a6 6. Be2 Nbd7 7. a3 e6 8. h3
b5 9. O-O Bb7 10. Be3 c5 11. dxc5 Nxc5 12. Qxd6 Bxd6 13. Rfd1 Nce4 14. Nxe4
Nxe4 15. Ng5 Be7 16. Nxe4 Bxe4 17. Bd3 Bxd3 18. Rxd3 Bf6 19. c3 O-O 20. Bb6
Rab8 21. Ba5 Bd8 22. Bxd8 Rfxd8 23. Rad1 Rxd3 24. Rxd3 Kf8 25. Rd6 a5 26. Ra6
a4 27. Ra7 g6 28. Kf1 Kg7 29. Ke2 Rd8 30. Rb7 Rd5 31. Ke3 Kf6 32. g3 h5 33. Ke4
Re5+ 34. Kd3 Rd5+ 35. Ke3 Re5+ 1/2-1/2

[Event "16. Open de Figueres Miquel Mas 2015 -B"]
[Site "Figueres ESP"]
[Date "2015.08.18"]
[Round "9.5"]
[White "Martin Fernandez, Santiago"]
[Black "Lazaro Porta, Angel"]
[Result "0-1"]
[WhiteElo "1824"]
[BlackElo "1910"]
[PlyCount "108"]
[EventDate "2015.08.11"]
[EventType "swiss"]
[EventRounds "9"]
[EventCountry "ESP"]
[Source "lmi"]
[SourceDate "2015.08.11"]

1. c4 g6 2. Nc3 Nf6 3. e4 d6 4. d4 Bg7 5. Be2 O-O 6. h4 h5 7. f3 c6 8. Be3 Nbd7
9. Qd2 Re8 10. Nh3 a5 11. Nf2 a4 12. g4 a3 13. b3 Qa5 14. gxh5 Nxh5 15. Rg1 e5
16. Rg5 Qd8 17. O-O-O Bf6 18. Rxh5 gxh5 19. Rg1+ Kh7 20. Nh3 Qe7 21. f4 Rg8 22.
Ng5+ Bxg5 23. hxg5 exf4 24. Bxf4 Nf6 25. e5 dxe5 26. Bxe5 Ng4 27. Bd3+ Rg6 28.
Bf4 Kg8 29. Rh1 Re6 30. Rxh5 Re1+ 31. Nd1 Bd7 32. Kc2 Re8 33. Bh7+ Kg7 34. Be5+
Nxe5 35. Qxe1 Nf3 36. Qxe7 Rxe7 37. Bd3 Nxd4+ 38. Kc3 c5 39. Nf2 Re3 40. Rh7+
Kg8 41. Kd2 Rxd3+ 42. Nxd3 Kxh7 43. Nxc5 Bc6 44. Kc3 Ne6 45. Nd3 Nxg5 46. b4
Ne4+ 47. Kb3 Nd2+ 48. Kc3 Ne4+ 49. Kb3 Nd6 50. Ne5 f6 51. Nxc6 bxc6 52. Kxa3
Nxc4+ 53. Kb3 Nd6 54. a4 f5 0-1